Les gladiateurs de la république des lettres aux XVe, XVIe, et XVIIe siècles / (Record no. 160703)

MARC details
000 -LEADER
campo de control de longitud fija 01014nam a2200241 i 4500
001 - NÚMERO DE CONTROL
campo de control 160703
003 - IDENTIFICADOR DE NÚMERO DE CONTROL
campo de control ES-MaACL
005 - FECHA Y HORA DE LA ÚLTIMA TRANSACCIÓN
campo de control 20230906212118.0
008 - DATOS DE LONGITUD FIJA--INFORMACIÓN GENERAL
campo de control de longitud fija 010905s1860 fr |||| | fre d
040 ## - FUENTE DE CATALOGACIÓN
Centro catalogador/agencia de origen CAM
Lengua de catalogación spa
Centro/agencia transcriptor CAM
100 1# - ENTRADA PRINCIPAL--NOMBRE DE PERSONA
Nombre de persona Nisard, Charles.
9 (RLIN) 130498
245 14 - MENCIÓN DEL TÍTULO
Título Les gladiateurs de la république des lettres aux XVe, XVIe, et XVIIe siècles /
Mención de responsabilidad, etc. par Charles Nisard.
260 ## - PUBLICACIÓN, DISTRIBUCIÓN, ETC.
Lugar de publicación, distribución, etc. Paris :
Nombre del editor, distribuidor, etc. Michel Lévy Frères, libraires-éditeurs,
Fecha de publicación, distribución, etc. 1860 (
Lugar de fabricación/manufactura Corbeil :
Fabricante typographie et stéréotype de Crété)
300 ## - DESCRIPCIÓN FÍSICA
Extensión 2 v. ;
Dimensiones 23 cm.
597 ## - NOTA DE DESCRIPCIÓN FÍSICA
NOTA DE DESCRIPCIÓN FÍSICA T. I. (VIII, 407 p.) -- t. II. (416 p.)
600 14 - PUNTO DE ACCESO ADICIONAL DE MATERIA--NOMBRE DE PERSONA
Nombre de persona Filelfo, Francesco-
Subdivisión general Biobibliografías.
9 (RLIN) 127078
600 14 - PUNTO DE ACCESO ADICIONAL DE MATERIA--NOMBRE DE PERSONA
Nombre de persona Bracciolini, Poggio (
Fechas asociadas al nombre 1380-1459)
9 (RLIN) 152379
600 14 - PUNTO DE ACCESO ADICIONAL DE MATERIA--NOMBRE DE PERSONA
Nombre de persona Valla, Lorenzo-
Subdivisión general Biobibliografías.
9 (RLIN) 133510
600 14 - PUNTO DE ACCESO ADICIONAL DE MATERIA--NOMBRE DE PERSONA
Nombre de persona Scaligero, Giulio Cesare-
Subdivisión general Biobibliografías.
9 (RLIN) 132525
600 14 - PUNTO DE ACCESO ADICIONAL DE MATERIA--NOMBRE DE PERSONA
Nombre de persona Scioppius, Gaspard-
Subdivisión general Bibliografías.
9 (RLIN) 132595
600 14 - PUNTO DE ACCESO ADICIONAL DE MATERIA--NOMBRE DE PERSONA
Nombre de persona Garane, François-
Subdivisión general Bibliografás.
9 (RLIN) 127198
852 ## - LOCALIZACIÓN
Ubicación ES-MaACL
Número de control de estantería G-10678-79
Nota libre -- Enc. hol.
Holdings
Estatus retirado Estado de pérdida Estado de daño No para préstamo Colección Biblioteca de origen Biblioteca actual Ubicación en estantería Fecha de adquisición Total de préstamos Signatura topográfica completa Código de barras Visto por última vez Precio de reemplazo Tipo de ítem Koha
        Libros del s. XIX Biblioteca del Ateneo de Madrid Biblioteca del Ateneo de Madrid Sala Pecera Planta 3 17/01/2008   G-10678-79 1168284 23/02/2023 23/02/2023 Libro impreso antiguo